000 01262cam a2200337 a 4500
001 3016413
003 OSt
005 20140310181920.0
008 941028s1995 nyua b 001 0 eng
010 _a 94039967
020 _a0099548410
040 _aDLC
_cDLC
_dDLC
050 0 0 _aHD 31
_b.H3126 2000
082 0 0 _aTR 658
_bP44 1999
100 1 _aHandy, Charles B.
_91500
245 1 0 _aGods of management:
_bthe changing work of organizations /
_cCharles Handy.
260 _aNew York :
_bOxford University Press,
_c2000
300 _avii, 254 p. :
_bill. ;
_c22 cm.
504 _aIncludes bibliographical references (p. 241-244) and index.
521 _aFaculty.
541 _j1
562 _e1
650 0 _aManagement.
_9446
650 0 _aOrganizational change
_xManagement.
_91501
650 0 _aCorporate culture.
_91502
856 4 2 _3Publisher description
_uhttp://www.loc.gov/catdir/enhancements/fy0638/94039967-d.html
856 4 2 _3Contributor biographical information
_uhttp://www.loc.gov/catdir/enhancements/fy0724/94039967-b.html
906 _a7
_bcbc
_corignew
_d1
_eocip
_f19
_gy-gencatlg
942 _2lcc
_cBK-TR
_kTR
999 _c6939
_d6939